Sapiens : ilustrované dějiny. Díl první, Zrození lidstva /
Ve světě zavaleném nepodstatnými informacemi platí, že v jednoduchosti je síla. Jak vnímat celkový obraz, aniž bychom byli zahlceni nekonečným množstvím nicotných detailů? Jednou možností je podívat se na ten skutečně velký obraz na celou historii lidského druhu s nadhledem. Kniha Sapiens ilustrovan...
Uloženo v:
| Série: | Sapiens,
část 1 |
|---|---|
| Hlavní autor: | |
| Další autoři: | , , |
| Médium: | Kniha |
| Jazyk: | Czech |
| Vydáno: |
V Brně :
Jota,
2026
|
| Vydání: | Vydání první |
| Témata: | |
| Celkem bylo vypůjčeno: | 1x |
| Příbuzné jednotky: | Z cyklu::
Sapiens |
| Tagy: |
Žádné tagy |
| LEADER | 03331nam a2200481 i 4500 | ||
|---|---|---|---|
| 001 | 106685 | ||
| 003 | CZ PrSKC | ||
| 005 | 20260630153121.0 | ||
| 008 | 260609s2026 xr a g 6 000 0 cze d | ||
| 020 | |a 9788076898141 |q (vázáno) : |c Kč 598,00 | ||
| 040 | |a TUG001 |b cze |d KLG001 |e rda | ||
| 072 | 7 | |a 930.85 |x Dějiny civilizace. Kulturní dějiny |2 Konspekt |9 8 | |
| 080 | |a 930.85 |2 MRF | ||
| 080 | |a 572.1/.4 |2 MRF | ||
| 080 | |a 572.026 |2 MRF | ||
| 080 | |a (03/09)741.52 |2 MRF | ||
| 100 | 1 | |a Harari, Yuval N., |d 1976- |7 jo2013763309 |4 aut |9 112676 | |
| 240 | 1 | 0 | |a Birth of humankind. |l Česky |
| 245 | 1 | 0 | |a Sapiens : |b ilustrované dějiny. |n Díl první, |p Zrození lidstva / |c Yuval Noah Harari, David Vandermeulen, Daniel Casanave ; překlad Bronislava Grygová |
| 246 | 3 | 0 | |a Zrození lidstva |
| 250 | |a Vydání první | ||
| 264 | 1 | |a V Brně : |b Jota, |c 2026 | |
| 300 | |a 245 stran : |b barevné ilustrace ; |c 28 cm | ||
| 336 | |a text |b txt |2 rdacontent | ||
| 336 | |a statický obraz |b sti |2 rdacontent | ||
| 337 | |a bez média |b n |2 rdamedia | ||
| 338 | |a svazek |b nc |2 rdacarrier | ||
| 500 | |a Přeloženo z angličtiny | ||
| 520 | 3 | |a Ve světě zavaleném nepodstatnými informacemi platí, že v jednoduchosti je síla. Jak vnímat celkový obraz, aniž bychom byli zahlceni nekonečným množstvím nicotných detailů? Jednou možností je podívat se na ten skutečně velký obraz na celou historii lidského druhu s nadhledem. Kniha Sapiens ilustrované dějiny je příběh o tom, jak se z obyčejné opice stal člověk schopný štěpit atomy, létat na Měsíc a měnit genetický kód života. Průvodce Yuval Noah Harari společně s postavami jako pračlověk Bill, Dr. Fikce a detektiv Lopezová vás zvou na projížďku dějinami. Grafická forma poskytuje čtenářům nové možnosti intelektuálního a uměleckého zkoumání historie. Evoluce člověka je pojata jako zábavná televizní reality show. První setkání člověka moudrého a neandrtálce nahlédneme prostřednictvím mistrovských děl moderního umění. Vyhynutí mamutů a šavlozubých tygrů zase vyřešíme jako detektivní případ. Tato ilustrovaná série je zábavným převyprávěním příběhu lidstva, adaptací světového bestselleru Sapiens: Stručné dějiny lidstva, knihy, která byla přeložena do 60 jazyků a prodalo se 16 milionů jejích výtisků. Překypuje vtipem, humorem a barvitými postavami. Jejím úkolem je zaujmout ty, kdo se obvykle vědou a dějinami nezabývají. |u https://www.obalkyknih.cz/view?isbn=9788076898141 | |
| 650 | 0 | 7 | |a dějiny civilizace |7 ph137927 |2 czenas |
| 650 | 0 | 7 | |a antropogeneze |7 ph118527 |2 czenas |
| 650 | 0 | 7 | |a kulturní antropologie |7 ph122018 |2 czenas |
| 655 | 7 | |a naučné komiksy |7 fd1058479 |2 czenas | |
| 700 | 1 | |a Vandermeulen, David, |d 1968- |7 xx0174730 |4 adp |9 117539 | |
| 700 | 1 | |a Casanave, Daniel, |d 1963- |7 xx0174769 |4 adp |9 117540 | |
| 700 | 1 | |a Grygová, Bronislava, |d 1959- |7 kup19950000034097 |4 trl |9 14802 | |
| 710 | 2 | |a Nakladatelství Jota |7 kn20120920011 |4 pbl |9 117217 | |
| 765 | 1 | |t Sapiens | |
| 787 | 0 | 8 | |i Z cyklu: |t Sapiens |g 1 |
| 910 | |a UOG502 | ||
| 942 | |2 ddc |c KN | ||
| 999 | |d 106685 | ||
| 993 | |0 0 |1 421180107410 |2 ddc |4 0 |6 93_990000000000000 |7 0 |9 100188 |b 0 |c 107410 |d 2026-06-30 |e 1 |f M |g 93/99 |h 598.00 |i Koupě |l DOSP |q 2026-08-11 |r 2026-06-30 |s 2026-06-30 |t 5 |w 2026-06-30 |y KN |z KOMIKS |n | ||